LIBRARY & INFORMATION CENTRE, KCAET, TAVANUR

ONLINE PUBLIC ACCESS CATALOGUE (OPAC)

Nissambda Sangeetham / (Record no. 3996)

MARC details
000 -LEADER
fixed length control field 00408cam a2200157ua 4500
041 ## - LANGUAGE CODE
Language code of text/sound track or separate title mal
082 ## - DEWEY DECIMAL CLASSIFICATION NUMBER
Classification number 894.8121
Item number LAL/NI
100 ## - MAIN ENTRY--AUTHOR NAME
Personal name Lalithambika, Antharjanam .
245 ## - TITLE STATEMENT
Title Nissambda Sangeetham /
250 ## - EDITION STATEMENT
Edition statement 1 /
260 ## - PUBLICATION, DISTRIBUTION, ETC. (IMPRINT)
Place of publication Kottayam :
Name of publisher National Book Stall ,
Year of publication 1959.
300 ## - PHYSICAL DESCRIPTION
Number of Pages 56 ; .
942 ## - ADDED ENTRY ELEMENTS (KOHA)
Koha item type Books
Holdings
Withdrawn status Lost status Damaged status Home library Current library Date acquired Full call number Accession Number Koha item type
Withdrawn     KAUAET Malayalam University 07/04/2012 894.8121 5631 Books
free website counter